000 01082nam a22002177a 4500
999 _c58654
_d58654
003 Ge_BSU
005 20220623114317.0
008 220623s2015 ge ||||| |||| 00| 0 geo d
020 _a9789941941443
041 _ageo
080 _a821.133.1–92 821 133.1.03=353.1 ბ-27
100 _aბარტი, როლან
_93064
245 _aმითოლოგიები /
_cროლან ბარტი ; ფრანგულიდან თარგმნა მარინა ბალავაძემ ; ყდის დიზაინის ავტორი ნინო ხოსრუაშვილი.
264 _aთბილისი :
_b აგორა,
_c2015.
300 _a284 გვ. :
_bილ. ;
_c20 სმ.
501 _aშენიშვნები: გვ. 263-279.
653 _aმითოლოგია
700 _aბალავაძე, მარინა
_eმთარგმნელი
_96461
700 _aხოსრუაშვილი, ნინო
_eყდის დიზაინერი
_914201
942 _2udc
_cBK